Chemical engineering kinetics (Record no. 6589)

000 -LEADER
fixed length control field 00510nam a2200193 4500
001 - CONTROL NUMBER
control field 6589
003 - CONTROL NUMBER IDENTIFIER
control field BD-DhUET
008 - FIXED-LENGTH DATA ELEMENTS--GENERAL INFORMATION
fixed length control field 700825s1970 nyua b 001 0 eng
040 ## - CATALOGING SOURCE
Transcribing agency 0
Modifying agency BD-DhUET
Original cataloging agency DLC
082 00 - DEWEY DECIMAL CLASSIFICATION NUMBER
Classification number 541.39
Item number SMI/1970
100 ## - MAIN ENTRY--PERSONAL NAME
Personal name Smith, J. M.
245 10 - TITLE STATEMENT
Title Chemical engineering kinetics
250 ## - EDITION STATEMENT
Edition statement 2nd ed.
260 ## - PUBLICATION, DISTRIBUTION, ETC. (IMPRINT)
Place of publication, distribution, etc. New York
Name of publisher, distributor, etc. McGraw-Hill
Date of publication, distribution, etc. 1970
300 ## - PHYSICAL DESCRIPTION
Extent xviii, 612p.
Other physical details ill.
490 0# - SERIES STATEMENT
Series statement McGraw-Hill chemical engineering series
650 #0 - SUBJECT ADDED ENTRY--TOPICAL TERM
Topical term or geographic name as entry element Kinetics : Physical chemistry
942 ## - ADDED ENTRY ELEMENTS (KOHA)
Koha item type General Book
Holdings
Price effective from Lost status Piece designation (barcode) Withdrawn status Copy number Sublocation or collection (holding branch) Koha normalized classification for sorting Date acquired Koha item type Not for loan Shelving location Damaged status Location (home branch) Source of classification or shelving scheme Koha full call number Koha date last seen
2014-12-04 84576 1Central Library, BUET541_390000000000000_SMI_19702014-12-04General Book Circulation section Central Library, BUET 541.39/SMI/19702014-12-04
2014-12-12 29865 2Central Library, BUET541_390000000000000_SMI_19702014-12-12General Book Circulation section Central Library, BUET 541.39/SMI/19702014-12-12
2014-12-12 29867 3Central Library, BUET541_390000000000000_SMI_19702014-12-12General Book Circulation section Central Library, BUET 541.39/SMI/19702014-12-12
2014-12-12 29863 4Central Library, BUET541_390000000000000_SMI_19702014-12-12General Book Circulation section Central Library, BUET 541.39/SMI/19702014-12-12
2015-03-11 29871 5Central Library, BUET541_390000000000000_SMI_19702015-03-11General Book Circulation section Central Library, BUET 541.39/SMI/19702015-03-11
2015-03-14 29868 6Central Library, BUET541_390000000000000_SMI_19702015-03-14General Book Circulation section Central Library, BUET 541.39/SMI/19702015-03-14
2015-03-14 37045 7Central Library, BUET541_390000000000000_SMI_19702015-03-14General Book Circulation section Central Library, BUET 541.39/SMI/19702015-03-14
2015-04-23 29869 8Central Library, BUET541_390000000000000_SMI_19702015-04-23General Book Circulation section Central Library, BUET 541.39/SMI/19702015-04-23
2015-04-23 29859 9Central Library, BUET541_390000000000000_SMI_19702015-04-23General Book Circulation section Central Library, BUET 541.39/SMI/19702015-04-23
2015-04-26 29870 10Central Library, BUET541_390000000000000_SMI_19702015-04-26General Book Circulation section Central Library, BUET 541.39/SMI/19702015-04-26
2015-04-26 29861 11Central Library, BUET541_390000000000000_SMI_19702015-04-26General Book Circulation section Central Library, BUET 541.39/SMI/19702015-04-26
2015-04-27 25967 12Central Library, BUET541_390000000000000_SMI_19702015-04-27General Book Circulation section Central Library, BUET 541.39/SMI/19702015-04-27
2015-04-27 29860 13Central Library, BUET541_390000000000000_SMI_19702015-04-27General Book Circulation section Central Library, BUET 541.39/SMI/19702015-04-27
2015-06-08 29862 14Central Library, BUET541_390000000000000_SMI_19702015-06-08Reading Item Reading section Central Library, BUET 541.39/SMI/19702015-06-08
2015-06-08 29866 15Central Library, BUET541_390000000000000_SMI_19702015-06-08Reading Item Reading section Central Library, BUET 541.39/SMI/19702015-06-08
2015-06-08 29872 16Central Library, BUET541_390000000000000_SMI_19702015-06-08Reading Item Reading section Central Library, BUET 541.39/SMI/19702015-06-08
2015-06-08 29864 17Central Library, BUET541_390000000000000_SMI_19702015-06-08Reading Item Reading section Central Library, BUET 541.39/SMI/19702015-06-08